00266nam a2200109Ia 4500008004100000082001000041100001900051245002400070260001400094630002400108730002400132100328s9999 xx 000 0 und d b18192 aPriestley J.B. aThe Shapes of Sleep bHcinemann aThe Shapes of Sleep aThe Shapes of Sleep